| 000 -LEADER | |
|---|---|
| fixed length control field | 00306nam a22001337a 4500 |
| 005 - DATE AND TIME OF LATEST TRANSACTION | |
| control field | 20171207112118.0 |
| 008 - FIXED-LENGTH DATA ELEMENTS--GENERAL INFORMATION | |
| fixed length control field | 171207b xxu||||| |||| 00| 0 eng d |
| 041 ## - LANGUAGE CODE | |
| Language code of text/sound track or separate title | eng |
| 082 ## - DEWEY DECIMAL CLASSIFICATION NUMBER | |
| Classification number | 622.14 |
| 245 ## - TITLE STATEMENT | |
| Title | SURVEYING AND LEVELLING |
| 260 ## - PUBLICATION, DISTRIBUTION, ETC. (IMPRINT) | |
| Place of publication | GT. BRITAIN |
| Name of publisher | T.A.SOUTHERN LTD. |
| 300 ## - PHYSICAL DESCRIPTION | |
| Number of Pages | 165p, |
| 942 ## - ADDED ENTRY ELEMENTS (KOHA) | |
| Koha item type | Books |
| Lost status | Damaged status | Collection code | Home library | Current library | Shelving location | Date acquired | Source of acquisition | Cost, normal purchase price | Full call number | Accession Number | Koha item type |
|---|---|---|---|---|---|---|---|---|---|---|---|
| MINING | JRU Library | JRU Library | SHELF-60-A | 07/12/2017 | PURCHESS | 1200.00 | 622.14 | 22300 | Books | ||
| MINING | JRU Library | JRU Library | SHELF-60-A | 07/12/2017 | PURCHESS | 622.14 | 22306 | Books | |||
| MINING | JRU Library | JRU Library | SHELF-60-A | 07/12/2017 | PURCHESS | 622.14 | 22307 | Books |